000 00344nam a2200145Ia 4500
008 150201s2007 xx 000 0 und d
082 _a612.015
_bB2007N
100 _aNAIK,PANKAJ
245 _aBIOCHEMISTRY
250 _a2ND
260 _bJAYPEE MEDICAL PUBLISHER
_aDELHI
_c2007
300 _a1-628
650 _aBIOCHEMISTRY
942 _2ddc
_cBK
999 _c4385
_d4385